| 000 | 00760nam a2200217 a 4500 | ||
|---|---|---|---|
| 001 | CDL005356 | ||
| 003 | PILC | ||
| 005 | 20150530104724.0 | ||
| 008 | |||
| 020 | _a9789814598095 | ||
| 050 |
_aTX 911 _b.W177 2014 |
||
| 100 | _aWalker, John R. | ||
| 245 | 0 |
_aIntroducing hospitality / _cJohn R. Walker. |
|
| 260 |
_aSingapore : _bPearson, _c2014. |
||
| 300 |
_ai, 590 pages : _billustrations ; _c28 cm. |
||
| 500 | _aIncludes index. | ||
| 520 | _aThis program provides an insight into: how the hospitality industry has changed, its contribution to the economy, and what the current issues are for those working in the industry. | ||
| 538 | _aDVD format. | ||
| 650 | _aHospitality industry. | ||
| 942 |
_2lcc _cBK _kLOC |
||
| 999 |
_c284520 _d284520 |
||